|
|
|
|
| LEADER |
01227nam a2200409 4500 |
| 001 |
DLU090074594 |
| 005 |
##20090601 |
| 040 |
# |
# |
|a DLU
|b vie
|
| 041 |
# |
# |
|a vie
|
| 044 |
# |
# |
|a vn
|
| 082 |
# |
# |
|a 340.1
|b Mon
|
| 245 |
# |
# |
|a Môn học pháp luật :
|b Tập bài giảng dùng trong các trường trung học chuyên nghiệp và dạy nghề /
|c Nguyễn Ngọc Hiến chủ biên, ... [và những người khác].
|
| 250 |
# |
# |
|a In lần thứ tám có sửa chữa, bổ sung
|
| 260 |
# |
# |
|a H. :
|b Chính trị Quốc gia,
|c 2008.
|
| 300 |
# |
# |
|a 311 tr. ;
|c 19 cm.
|
| 653 |
# |
# |
|a Giáo trình
|
| 653 |
# |
# |
|a Nhà nước pháp quyền
|
| 653 |
# |
# |
|a Pháp luật
|
| 700 |
# |
# |
|a Hoàng Phước Hiệp.
|
| 700 |
# |
# |
|a Nguyễn Đắc Bình.
|
| 700 |
# |
# |
|a Nguyễn Duy Lãm.
|
| 700 |
# |
# |
|a Nguyễn Ngọc Hiến,
|c TS,
|e chủ biên.
|
| 700 |
# |
# |
|a Phạm Kim Dung.
|
| 700 |
# |
# |
|a Phạm Thị Hoà.
|
| 700 |
# |
# |
|a Trần Ngọc Đường.
|
| 700 |
# |
# |
|a Trương Thị Phương.
|
| 923 |
# |
# |
|a 04/2009
|
| 991 |
# |
# |
|a GT
|
| 992 |
# |
# |
|a 29000
|
| 994 |
# |
# |
|a DLU
|
| 900 |
# |
# |
|a True
|
| 911 |
# |
# |
|a Đào Thị Thu Huyền
|
| 925 |
# |
# |
|a G
|
| 926 |
# |
# |
|a A
|
| 927 |
# |
# |
|a SH
|
| 980 |
# |
# |
|a Thư viện Trường Đại học Đà Lạt
|